000 00314nam a2200133Ia 4500
008 220216s9999 xx 000 0 und d
100 _aRavindran D
245 0 _aFuture of tyre industry in India
260 _bRubber India
_c2004
300 _a12-Jul
650 _aIndia
650 _aTyre industry
942 _cJS
999 _c59708
_d59708